LEADER 01513nam0 22003253i 450 001 SUN0109138 005 20170515113027.683 010 $a88-7358-035-1$d0.00 100 $a20170512d2006 |0engc50 ba 101 $aeng 102 $aIT 105 $a|||| ||||| 200 1 $a*Seismic design of frame-wall structures$fTimothy J. Sullivan, M. J. Nigel Priestley, Gian Michele Calvi 210 $aPavia$cIUSS$d2006 215 $aXXIV, 333 p.$d24 cm. 410 1$1001SUN0109067$12001 $a*Research report Rose$fEuropean school for advanced studies in reduction of seismic risk$v2006/02$1210 $aPavia$cIUSS. 620 $dPavia$3SUNL000064 700 1$aSullivan$b, Timothy J.$3SUNV084353$0447990 701 1$aPriestley$b, M. J. Nigel$3SUNV044519$043710 701 1$aCalvi$b, Gian M.$3SUNV044945$0729238 712 $aIstituto universitario di studi superiori di Pavia$3SUNV005695$4650 790 1$aPriestley, M. J. N.$zPriestley, M. J. Nigel$3SUNV045182 790 1$aCalvi, G.M.$zCalvi, Gian M.$3SUNV047893 790 1$aCalvi, Gian Michele$zCalvi, Gian M.$3SUNV065931 801 $aIT$bSOL$c20181109$gRICA 912 $aSUN0109138 950 $aUFFICIO DI BIBLIOTECA DEI DIPARTIMENTI DI INGEGNERIA$d05 CONS G VI 026 BENECON $e05 CRD33 995 $aUFFICIO DI BIBLIOTECA DEI DIPARTIMENTI DI INGEGNERIA$bIT-CE0100$gCRD$h33$kCONS G VI 026 BENECON$oc$qa 996 $aSeismic design of frame-wall structures$91465809 997 $aUNICAMPANIA LEADER 00885cam0-2200289 --450 001 9910492350203321 005 20210909103432.0 010 $a978-88-95842-51-6 020 $aIT$b2010-3980 100 $a20210909d2010----km y0itay50 ba 101 0 $aita 102 $aIT 105 $ay 001yy 200 1 $a<>storia in dieci processi$eSocrate, Gesł, Giovanna d'Arco, Dreyfus, Landru, Sacco e Vanzetti, Norimberga, i coniugi Rosenberg, Berlusconi$fRemo Bassetti 210 $aRoma$cNutrimenti$d2010 215 $a159 p.$d21 cm 225 1 $aIgloo$v36 610 0 $aCasi giudiziari 676 $a340.115$v23$zita 700 1$aBassetti,$bRemo$0263418 801 0$aIT$bUNINA$gREICAT$2UNIMARC 901 $aBK 912 $a9910492350203321 952 $aCollez. 2605 (36)$b51/2020$fFSPBC 959 $aFSPBC 996 $aStoria in dieci processi$91352859 997 $aUNINA